000 01400nam a2200433 c 4500
001 18284
003 ES-MaCES
005 20141221122530.0
008 051130s2005 sp t o000 | spa d
017 _aZ 1415-2005
_bDL
020 _a8484099199
035 _aCES20050014319m
040 _aES-MaCES
_bspa
_cES-MaCES
245 0 0 _aPobreza, marginación, delincuencia y políticas sociales bajo el Franquismo
_cConxita Mir, Carme Agustí, Josep Gelonch (ed.)
260 _aLleida
_bEdicions de la Universitat de Lleida
_c[2005]
300 _a229 p.
_c24 cm
490 1 _aEspai/temps
_v45
504 _aBibliografía: p. 195-222
541 _cCompra
650 4 _apobreza
_927112
650 4 _aexclusión social
_930629
650 4 _aprostitución
_927051
650 4 _adelincuencia
_927047
650 4 _apolítica social
_927029
650 4 _aasistencia social
_929003
650 4 _aderecho penal
_927159
650 4 _aEspaña
_926964
650 4 _a1939-1975
_931386
650 4 _ahistoria
_927251
653 1 0 _aCiencias Sociales-Políticas
700 1 _aMir Curcó, Conxita
_eed. lit.
_918704
700 1 _aAgustí, Carme
_eed. lit.
_95710
700 1 _aGelonch, Josep
_eed. lit.
_913255
710 2 _aUniversidad de Lleida
_eed.
_95300
830 0 _aEspai/temps
_v45
_934165
902 _aLIB Libro
942 _2CES
_cBK
_h7.0.
999 _c18284
_d18284